00442nam a2200169 a 4500001001300000003000900013005001700022008004100039020001000080082001500090100001200105245005200117260003600169300000900205500003500214650002300249nice12345678IN_TiNIC20260116011412.0050524s1925 caia grp 000 0 ara  ac10000a297.1bSEL aSell, G aKitab Maqalah Fil Islam Tranl. Essays on Islam. aCairobNile Mission Pressc1925 a439p aincludes index and biblioraphy aIslam-Meccan Trade